| 000 | 00697nam a2200205 4500 | ||
|---|---|---|---|
| 001 | vtls000141460 | ||
| 003 | MY-SjTCS | ||
| 005 | 20200226120444.0 | ||
| 008 | 110218s 000 0 eng | ||
| 020 | _a0340327642 | ||
| 039 | 9 |
_a201407071516 _bpatrick _c201206291046 _dstazrina _c201102181707 _dVLOAD _y200407271812 _zVLOAD |
|
| 082 | 0 | 4 |
_a519.5 _bEVA |
| 100 | 1 |
_aEvan, I. Gwyn. _9997 |
|
| 245 | 1 | 0 |
_aStatistics for advanced level mathematics / _cI. Gwyn Evans. |
| 260 |
_aLondon : _bHodder and Stoughton, _c1985 impression (with additional chapter and corrections) |
||
| 300 |
_avi, 314 p. ; _c24 cm. |
||
| 590 | _aMaths : 9709 | ||
| 650 | 0 | _aMathematical statistics. | |
| 920 | _aCAL : 3673 | ||
| 999 | _c164704 | ||